| 000 | 01962nam0a2200373 i 4500 | ||
|---|---|---|---|
| 001 | RU\NLR\BIBL_A\010011774 | ||
| 005 | 20260503055246.0 | ||
| 010 |
_a9785987047316 _91000 |
||
| 021 |
_aRU _b2013-86395 _95975 |
||
| 035 | _a(NILC)RuMoRGB-006686349 | ||
| 035 | _a(NLR Aleph) 010011774 | ||
| 090 |
_a9857963 _c9857963 |
||
| 100 | _a20131206d2013 u y0rusy50 ca | ||
| 101 | 0 | _arus | |
| 102 | _aRU | ||
| 105 | _aa|||||||||||| | ||
| 200 | 1 |
_aРазработка и апробация программы инновационного развития муниципального образования на примере Хохольского района Воронежской области _eпрактика, методика, рекомендации _fВ.А. Ириков, П.В. Пономарев, В.М. Тарасенко |
|
| 210 |
_aМосква _cЛогос _d2013 |
||
| 215 |
_a77, [1] с. _cил. _d22 |
||
| 225 | 1 |
_aУспешный российский опыт и технологии результативного инновационного развития _fпод ред. проф. В.А. Ирикова |
|
| 320 | _aБиблиогр. в конце кн. (8 назв.) | ||
| 606 | 1 |
_aИнновационная деятельность _yВоронежская область _92616947 _3RU\NLR\AUTH\661553507 |
|
| 675 | _a332.14:005.591.6(470.324) | ||
| 686 | 1 | _aУ9(2)-55(2Р-4Вр) | |
| 700 | 1 |
_8rus _7ca _aИриков _bВ. А. _gВалерий Алексеевич _3RU\NLR\AUTH\775732 _9115691 |
|
| 701 | 1 |
_aПономарев _bП. В. _cмуницип. чиновник _f1962- _gПавел Васильевич _3RU\NLR\AUTH\770130090 _9130059 |
|
| 701 | 1 |
_aТарасенко _bВ. М. |
|
| 801 | 0 |
_aRU _bRuMoRKP _c20131024 _gRCR |
|
| 801 | 2 |
_aRU _bРГБ _c20131108 _grcr |
|
| 801 | 1 |
_aRU _bRuMoRKP _c20131024 _2rusmarc |
|
| 942 | _cBOOK | ||
| 980 | _aNBR | ||